[Event "76 Ukrainian Chess Championship (Final)"]
[Site "Kharkiv"]
[Date "2007.11.22"]
[Round "6"]
[White "Zubarev, Alexander"]
[Black "Solodovnichenko, Yuri"]
[Result "1/2-1/2"]
[WhiteElo "2500"]
[BlackElo "2564"]
[PlyCount "91"]
[EventDate "2007.11.17"]

1. e4 c5 2. Nf3 e6 3. d4 cxd4 4. Nxd4 Nf6 5. Nc3 d6 6. Be3 Be7 7. f3 Nc6 8. Qd2
O-O 9. O-O-O a6 10. g4 Nd7 11. g5 Nxd4 12. Qxd4 b5 13. f4 Qa5 14. Kb1 b4 15.
Ne2 e5 16. Qd2 Bb7 17. Ng3 exf4 18. Bxf4 Nc5 19. Bc4 Nxe4 20. Qe3 d5 21. Nxe4
dxc4 22. Rd7 b3 23. axb3 cxb3 24. cxb3 Bc5 25. Qf3 Bxe4+ 26. Qxe4 Rae8 27. Qc4
Be3 28. Rd5 Qb6 29. Bd6 Rc8 30. Qd3 Rfd8 31. Rd1 g6 32. b4 h5 33. Be7 Rxd5 34.
Qxd5 Qc7 35. Qd7 Qxd7 36. Rxd7 Bf4 37. h3 Be5 38. Ra7 Rc7 39. Ra8+ Kh7 40. Bc5
Rc6 41. Ra7 Kg8 42. Ra8+ Kg7 43. Ra7 Kg8 44. Ra8+ Kh7 45. Ra7 Kg8 46. Ra8+
1/2-1/2

[Event "76 Ukrainian Chess Championship (Final)"]
[Site "Kharkiv"]
[Date "2007.11.23"]
[Round "7"]
[White "Aveskulov, Valeriy"]
[Black "Kovchan, Alexander"]
[Result "1/2-1/2"]
[WhiteElo "2545"]
[BlackElo "2507"]
[PlyCount "24"]
[EventDate "2007.11.17"]

1. Nf3 Nf6 2. c4 g6 3. Nc3 Bg7 4. g3 O-O 5. Bg2 d6 6. O-O e5 7. d4 exd4 8. Nxd4
Nbd7 9. b3 Nc5 10. Bb2 a5 11. Qc2 c6 12. Rad1 Qe7 1/2-1/2

[Event "76 Ukrainian Chess Championship (Final)"]
[Site "Kharkiv"]
[Date "2007.11.23"]
[Round "7"]
[White "Miroshnichenko, Evgenij"]
[Black "Tukhaev, Adam"]
[Result "1-0"]
[WhiteElo "2651"]
[BlackElo "2517"]
[PlyCount "89"]
[EventDate "2007.11.17"]

1. d4 Nf6 2. Nf3 g6 3. c4 Bg7 4. Nc3 O-O 5. e4 d6 6. h3 e5 7. d5 a5 8. Bg5 Na6
9. Be2 Qe8 10. Nd2 Nd7 11. a3 f6 12. Bh4 Nb6 13. b3 Bh6 14. O-O Nc5 15. Ra2 f5
16. f3 Be3+ 17. Bf2 Bxf2+ 18. Rxf2 Nbd7 19. b4 axb4 20. axb4 Rxa2 21. Nxa2 fxe4
22. fxe4 Rxf2 23. Kxf2 Qf8+ 24. Kg1 Na6 25. Bd3 Nf6 26. Qf3 Qh6 27. Nb3 Nh5 28.
c5 Nf4 29. Bf1 g5 30. c6 b6 31. Nd2 g4 32. hxg4 Qg5 33. Nc4 Bxg4 34. Qg3 Nh5
35. Qe1 Nf4 36. Qg3 Nh5 37. Qe3 Nf4 38. Kf2 b5 39. Nd2 Qh4+ 40. g3 Nh3+ 41. Ke1
Qd8 42. Qh6 Ng5 43. Bxb5 Bc8 44. Bd3 Qe7 45. Kd1 1-0

[Event "76 Ukrainian Chess Championship (Final)"]
[Site "Kharkiv"]
[Date "2007.11.23"]
[Round "7"]
[White "Kuzubov, Yuriy"]
[Black "Drozdovskij, Yuri"]
[Result "1-0"]
[WhiteElo "2582"]
[BlackElo "2567"]
[PlyCount "87"]
[EventDate "2007.11.17"]

1. c4 Nf6 2. Nf3 e6 3. Nc3 d5 4. cxd5 exd5 5. d4 c6 6. Bg5 Be7 7. e3 Bf5 8. Bd3
Bxd3 9. Qxd3 O-O 10. Bxf6 Bxf6 11. b4 Nd7 12. b5 Qa5 13. O-O Nc5 14. Qc2 Ne6
15. Rab1 Rfd8 16. bxc6 bxc6 17. Na4 Rac8 18. Rfc1 Qa6 19. g3 g6 20. h4 Be7 21.
h5 c5 22. Nxc5 Nxc5 23. dxc5 Bxc5 24. Qb2 Bf8 25. Rxc8 Rxc8 26. Kg2 Rd8 27. Qb7
Qa4 28. Rb5 Rd6 29. h6 Qe4 30. Rb4 Rb6 31. Rxb6 axb6 32. Qxb6 Bxh6 33. Qd4 Qc2
34. a4 Bg7 35. Qa7 Bf8 36. a5 Bc5 37. Qa8+ Kg7 38. Qxd5 Ba7 39. a6 Qa4 40. Ng5
Qxa6 41. Qxf7+ Kh6 42. Ne6 Qc6+ 43. Kh2 Qc2 44. Qf4+ 1-0

[Event "76 Ukrainian Chess Championship (Final)"]
[Site "Kharkiv"]
[Date "2007.11.23"]
[Round "7"]
[White "Onischuk, Vladimir"]
[Black "Jakimov, Vladimir"]
[Result "1-0"]
[WhiteElo "2469"]
[BlackElo "2434"]
[PlyCount "35"]
[EventDate "2007.11.17"]

1. e4 e6 2. d4 d5 3. Nc3 Nf6 4. Bg5 dxe4 5. Nxe4 Nbd7 6. Nxf6+ Nxf6 7. Nf3 Be7
8. Bd3 c5 9. Qe2 cxd4 10. O-O-O Bd7 11. Bc4 Qa5 12. Rxd4 Bc6 13. Ne5 Nd7 14.
Nxf7 Bxg5+ 15. f4 Qc5 16. Qxe6+ Be7 17. Nd6+ Kd8 18. Nxb7+ 1-0

[Event "76 Ukrainian Chess Championship (Final)"]
[Site "Kharkiv"]
[Date "2007.11.23"]
[Round "7"]
[White "Kononenko, Dmitry"]
[Black "Oleksienko, Mikhailo"]
[Result "1-0"]
[WhiteElo "2513"]
[BlackElo "2587"]
[PlyCount "93"]
[EventDate "2007.11.17"]

1. e4 d6 2. d4 Nf6 3. Nc3 g6 4. Be3 c6 5. h3 Nbd7 6. a4 Bg7 7. g4 e5 8. Bg2 O-O
9. Nge2 Re8 10. Ng3 exd4 11. Bxd4 c5 12. Be3 Nb6 13. O-O Nc4 14. Bc1 Qa5 15.
Nb5 Qb6 16. b3 a6 17. Nc3 Qa5 18. Nce2 Ne5 19. Bb2 Qc7 20. g5 Nfd7 21. Nc3 Qa5
22. Nge2 c4 23. Rb1 cxb3 24. cxb3 Nc6 25. Nd5 Bxb2 26. Rxb2 b5 27. Qd2 b4 28.
e5 Rxe5 29. Nxb4 Nxb4 30. Bxa8 Nc5 31. Qxd6 Re8 32. Bg2 Bxh3 33. Bxh3 Ncd3 34.
Qf6 Nxb2 35. Qxb2 Qxg5+ 36. Bg2 Nd3 37. Qd4 Rd8 38. Qe3 Qxe3 39. fxe3 Re8 40.
Bd5 Rxe3 41. Rxf7 Kh8 42. Nd4 Ne5 43. Ra7 h5 44. Ne6 h4 45. Nf8 Re1+ 46. Kg2
Re2+ 47. Kf1 1-0

[Event "76 Ukrainian Chess Championship (Final)"]
[Site "Kharkiv"]
[Date "2007.11.23"]
[Round "7"]
[White "Malaniuk, Vladimir P"]
[Black "Truskavetsky, Alexandr"]
[Result "1-0"]
[WhiteElo "2496"]
[BlackElo "2398"]
[PlyCount "125"]
[EventDate "2007.11.17"]

1. d4 Nf6 2. Nf3 c5 3. d5 e6 4. c4 exd5 5. cxd5 d6 6. Nc3 g6 7. e4 Bg7 8. Bd3
O-O 9. h3 b5 10. Nxb5 Nxe4 11. Bxe4 Re8 12. Ng5 Bf5 13. Qa4 Bd7 14. O-O a6 15.
Bd3 c4 16. Bxc4 Qb6 17. Qa3 Bxb5 18. Bxb5 Qxb5 19. Qxd6 Be5 20. Qa3 Qxd5 21.
Qf3 Qxf3 22. Nxf3 Bf6 23. Rb1 Nc6 24. Bd2 a5 25. a3 a4 26. b4 axb3 27. Rxb3 Na5
28. Rb4 Rec8 29. Rc1 Rxc1+ 30. Bxc1 Kg7 31. Be3 Nc6 32. Rc4 Ne7 33. a4 Nd5 34.
Nd4 Re8 35. Nc2 Ra8 36. g4 h6 37. Bd2 Nb6 38. Rc6 Nxa4 39. Bxh6+ Kxh6 40. Rxf6
Kg7 41. Rc6 Ra7 42. Ne3 Nb2 43. Rd6 Na4 44. Rc6 Nb2 45. Kg2 Nd3 46. Rd6 Nf4+
47. Kg3 Ne6 48. h4 Rb7 49. f4 Rb3 50. Kf3 Rb4 51. f5 Nd4+ 52. Kg3 Rb3 53. f6+
Kh7 54. Rxd4 Rxe3+ 55. Kf4 Re6 56. g5 Re1 57. Re4 Ra1 58. Ke5 Ra5+ 59. Kd6 Ra6+
60. Kd7 Ra1 61. Re7 Kg8 62. Re8+ Kh7 63. Ke7 1-0

[Event "76 Ukrainian Chess Championship (Final)"]
[Site "Kharkiv"]
[Date "2007.11.23"]
[Round "7"]
[White "Zinchenko, Yaroslav"]
[Black "Arzumanian, Georgy"]
[Result "1/2-1/2"]
[WhiteElo "2505"]
[BlackElo "2493"]
[PlyCount "82"]
[EventDate "2007.11.17"]

1. e4 c5 2. Nf3 Nc6 3. d4 cxd4 4. Nxd4 g6 5. c4 Nf6 6. Nc3 Nxd4 7. Qxd4 d6 8.
Be3 Bg7 9. Be2 O-O 10. Qd2 a5 11. O-O a4 12. f3 Qa5 13. Rac1 Nd7 14. Nd5 Re8
15. Rfd1 Nc5 16. Bg5 Kf8 17. Rc2 Be6 18. Bh6 Bxd5 19. Bxg7+ Kxg7 20. Qxa5 Rxa5
21. cxd5 f5 22. exf5 gxf5 23. Rc3 Kf6 24. g3 Rb8 25. Kf2 Nd7 26. Rc4 Nb6 27.
Rcd4 Rc8 28. R1d2 Rc7 29. f4 Nd7 30. g4 fxg4 31. Bxg4 Nb6 32. Bf3 Rc4 33. b3
axb3 34. axb3 Rxd4 35. Rxd4 Nd7 36. Be4 h6 37. Kf3 Ra3 38. Bc2 Ra2 39. Rd2 Rb2
40. Re2 Nc5 41. Kg4 Nxb3 1/2-1/2

[Event "76 Ukrainian Chess Championship (Final)"]
[Site "Kharkiv"]
[Date "2007.11.23"]
[Round "7"]
[White "Solodovnichenko, Yuri"]
[Black "Rogovski, Vladimir"]
[Result "1-0"]
[WhiteElo "2564"]
[BlackElo "2485"]
[PlyCount "103"]
[EventDate "2007.11.17"]

1. e4 c5 2. Nf3 e6 3. d4 cxd4 4. Nxd4 a6 5. Bd3 Nf6 6. O-O Qc7 7. Qe2 d6 8. c4
g6 9. Nc3 Bg7 10. Nf3 Nc6 11. Bf4 O-O 12. Rac1 Ng4 13. Rfd1 Nge5 14. Qe3 Nxf3+
15. Qxf3 h6 16. Qe3 g5 17. Bg3 f5 18. exf5 exf5 19. Nd5 Qd8 20. Bc2 f4 21. Nxf4
gxf4 22. Bxf4 Qf6 23. Bxd6 Rd8 24. c5 Be6 25. Qe4 Re8 26. b3 Bd7 27. Qc4+ Qe6
28. Qd3 Nd4 29. h3 Ne2+ 30. Kh2 Nxc1 31. Qh7+ Kf7 32. Rd4 Ne2 33. Rg4 Qxg4 34.
hxg4 Re6 35. Qf5+ Kg8 36. Qh7+ Kf7 37. Be4 Nd4 38. Bxb7 Rh8 39. Qd3 Bb5 40. Qd2
Re2 41. Qf4+ Ke6 42. a4 Bd3 43. Qg3 Be4 44. Bxa6 h5 45. g5 h4 46. Qf4 Re1 47.
Bc4+ Bd5 48. Qg4+ Nf5 49. Bxd5+ Kxd5 50. Qxf5+ Be5+ 51. f4 h3 52. Bxe5 1-0

[Event "76 Ukrainian Chess Championship (Final)"]
[Site "Kharkiv"]
[Date "2007.11.23"]
[Round "7"]
[White "Shishkin, Vadim"]
[Black "Zubarev, Alexander"]
[Result "1/2-1/2"]
[WhiteElo "2530"]
[BlackElo "2500"]
[PlyCount "80"]
[EventDate "2007.11.17"]

1. d4 d5 2. c4 c6 3. Nc3 Nf6 4. Nf3 a6 5. c5 Bf5 6. Bf4 Nbd7 7. e3 g6 8. Bd3
Bxd3 9. Qxd3 Nh5 10. Bg5 h6 11. Bh4 g5 12. Bg3 Nxg3 13. hxg3 Bg7 14. O-O-O b6
15. e4 e6 16. cxb6 Qxb6 17. g4 Ke7 18. Rd2 Rhc8 19. Kb1 a5 20. Rc2 a4 21. exd5
cxd5 22. Nxa4 Qb4 23. Rxc8 Rxc8 24. Nc3 Rc4 25. Rc1 Bxd4 26. a3 Qb6 27. Nxd4
Rxd4 28. Qe3 e5 29. f3 Qg6+ 30. Ka1 Qa6 31. Na2 Qa4 32. Kb1 Rd1 33. Nb4 d4 34.
Qe4 Rxc1+ 35. Kxc1 Qb5 36. Qd3 Qc5+ 37. Kb1 Nb6 38. b3 Nd5 39. Nxd5+ Qxd5 40.
Kb2 Kd7 1/2-1/2

[Event "76 Ukrainian Chess Championship (Final)"]
[Site "Kharkiv"]
[Date "2007.11.24"]
[Round "8"]
[White "Kovalenko, Igor"]
[Black "Miroshnichenko, Evgenij"]
[Result "1/2-1/2"]
[WhiteElo "2429"]
[BlackElo "2651"]
[PlyCount "90"]
[EventDate "2007.11.17"]

1. d4 Nf6 2. c4 e6 3. Nc3 Bb4 4. e3 O-O 5. Bd3 d5 6. Nf3 c5 7. O-O dxc4 8. Bxc4
Nbd7 9. a3 Ba5 10. Qe2 cxd4 11. exd4 Bxc3 12. bxc3 Qc7 13. Bd2 b6 14. Bd3 Bb7
15. c4 Rfe8 16. Rfe1 Rad8 17. Rad1 Qd6 18. Bb4 Qc6 19. Qd2 Nf8 20. Qg5 Ng6 21.
Bc3 Qa4 22. d5 exd5 23. Bxf6 gxf6 24. Qxf6 Rxe1+ 25. Rxe1 Re8 26. Rxe8+ Qxe8
27. Bxg6 hxg6 28. cxd5 Bxd5 29. Ne5 Qe6 30. Qg5 Be4 31. Ng4 Bf5 32. Ne3 Qd6 33.
h4 Be6 34. h5 Kg7 35. f4 Qc5 36. Qxc5 bxc5 37. hxg6 f5 38. g4 fxg4 39. f5 Bxf5
40. Nxf5+ Kxg6 41. Nd6 Kf6 42. Ne4+ Ke5 43. Nxc5 Kd4 44. Nb7 Kc4 45. Kg2 Kb3
1/2-1/2

[Event "76 Ukrainian Chess Championship (Final)"]
[Site "Kharkiv"]
[Date "2007.11.24"]
[Round "8"]
[White "Kryvoruchko, Yuriy"]
[Black "Kononenko, Dmitry"]
[Result "1-0"]
[WhiteElo "2598"]
[BlackElo "2513"]
[PlyCount "61"]
[EventDate "2007.11.17"]

1. e4 c5 2. Nf3 Nc6 3. d4 cxd4 4. Nxd4 Qb6 5. Nb3 Nf6 6. Nc3 e6 7. Bd3 d6 8.
O-O Be7 9. a4 O-O 10. Be3 Qc7 11. f4 b6 12. Qf3 Bb7 13. g4 Nd7 14. g5 Nb4 15.
Nd4 Rfe8 16. Qh3 Bf8 17. Rad1 Nc5 18. Qh4 g6 19. Rf3 Qe7 20. Rh3 h5 21. Be2
Nxe4 22. Bxh5 Bg7 23. Bf3 Nxc3 24. bxc3 Bxf3 25. Qh7+ Kf8 26. Rxf3 Qb7 27. cxb4
Bxd4 28. Bxd4 Qxf3 29. Qg7+ Ke7 30. Bf6+ Kd7 31. Qxf7+ 1-0

[Event "76 Ukrainian Chess Championship (Final)"]
[Site "Kharkiv"]
[Date "2007.11.24"]
[Round "8"]
[White "Tukhaev, Adam"]
[Black "Romanishin, Oleg M"]
[Result "1/2-1/2"]
[WhiteElo "2517"]
[BlackElo "2547"]
[PlyCount "129"]
[EventDate "2007.11.17"]

1. e4 e5 2. Nf3 Nc6 3. Bb5 a6 4. Bxc6 dxc6 5. O-O Qd6 6. Na3 Be6 7. Qe2 f6 8.
Nc4 Qd7 9. c3 Qf7 10. b3 Qh5 11. d4 Bg4 12. dxe5 fxe5 13. Qe3 Bxf3 14. gxf3 Nf6
15. Qg5 Bd6 16. Qxh5+ Nxh5 17. Rd1 Ke7 18. Bg5+ Ke6 19. Rd3 h6 20. Be3 a5 21.
Rad1 Be7 22. Rd7 Bd8 23. Bb6 Nf6 24. Rxg7 Rg8 25. Rxg8 Nxg8 26. Be3 Bg5 27. h4
Bxh4 28. f4 exf4 29. Bxf4 Rf8 30. Be3 Nf6 31. f3 Rg8+ 32. Kf1 Nh5 33. Bf2 Ng3+
34. Bxg3 Rxg3 35. Rd3 b6 36. a4 Bg5 37. Kf2 Bf4 38. Ne3 Rg8 39. Nf5 h5 40. Nd4+
Kf6 41. Ne2 Bd6 42. f4 Bc5+ 43. Kf3 h4 44. Rd7 Rh8 45. Rxc7 h3 46. e5+ Ke6 47.
Ke4 Rh4 48. Ng3 h2 49. Nh1 Be7 50. Rxc6+ Kd7 51. Rxb6 Bg5 52. Rd6+ Ke7 53. Rd2
Bxf4 54. Rg2 Ke6 55. Rg6+ Ke7 56. c4 Bd2+ 57. Kd5 Bc3 58. Rg7+ Kf8 59. Rg3 Ba1
60. Rg2 Ke7 61. c5 Rd4+ 62. Kc6 Rh4 63. Kd5 Rd4+ 64. Kc6 Rh4 65. Kd5 1/2-1/2

[Event "76 Ukrainian Chess Championship (Final)"]
[Site "Kharkiv"]
[Date "2007.11.24"]
[Round "8"]
[White "Oleksienko, Mikhailo"]
[Black "Arzumanian, Georgy"]
[Result "1-0"]
[WhiteElo "2587"]
[BlackElo "2493"]
[PlyCount "75"]
[EventDate "2007.11.17"]

1. d4 d5 2. c4 c6 3. e3 Nf6 4. Nf3 e6 5. b3 Nbd7 6. Bd3 Bd6 7. Bb2 Qc7 8. Nc3
O-O 9. O-O dxc4 10. bxc4 e5 11. Qc2 exd4 12. exd4 Re8 13. c5 Be7 14. Bc4 Nf8
15. Bxf7+ Kxf7 16. Ng5+ Kg8 17. Qb3+ Be6 18. Nxe6 Nxe6 19. Qxe6+ Kh8 20. Qf5
Rad8 21. Rad1 Nd5 22. Rfe1 Nxc3 23. Bxc3 Bf6 24. Rxe8+ Rxe8 25. g3 Kg8 26. Qc2
Qf7 27. Qa4 a6 28. Bd2 Re2 29. Kf1 Re4 30. Be3 Qh5 31. Qb3+ Kf8 32. Kg2 Qd5 33.
Qxd5 cxd5 34. Kf3 Ke8 35. Rb1 Re7 36. Rb6 Rf7 37. Kg4 Bd8 38. Re6+ 1-0

[Event "76 Ukrainian Chess Championship (Final)"]
[Site "Kharkiv"]
[Date "2007.11.24"]
[Round "8"]
[White "Zinchenko, Yaroslav"]
[Black "Solodovnichenko, Yuri"]
[Result "1/2-1/2"]
[WhiteElo "2505"]
[BlackElo "2564"]
[PlyCount "99"]
[EventDate "2007.11.17"]

1. e4 e5 2. Nf3 Nc6 3. Bb5 a6 4. Ba4 Nf6 5. d4 exd4 6. O-O Be7 7. Re1 b5 8. e5
Nxe5 9. Rxe5 d6 10. Re1 bxa4 11. Nxd4 Bd7 12. Qf3 O-O 13. Nc6 Bxc6 14. Qxc6 d5
15. Qxa4 Ne4 16. Nd2 Nc5 17. Qd4 Ne6 18. Qa4 Bf6 19. Nf3 Qe8 20. Qxe8 Rfxe8 21.
Rd1 c6 22. Rb1 Nc5 23. Bd2 a5 24. Kf1 a4 25. Bg5 Bxg5 26. Nxg5 a3 27. b4 Na4
28. Rb3 Nb2 29. Rd4 Rec8 30. Nf3 f6 31. Ne1 Ra4 32. c3 Kf7 33. Nc2 Rca8 34. Ne3
Rb8 35. Nc2 Ke6 36. Rh4 h6 37. Nd4+ Kd7 38. Rg4 g5 39. Rg3 Re8 40. Re3 Nc4 41.
Re2 Re5 42. Nf3 Re4 43. Nd2 Nxd2+ 44. Rxd2 Ra8 45. f3 Rc4 46. Rd4 Rxd4 47. cxd4
Kc7 48. Ke2 Kb6 49. Kd3 Kb5 50. Rc3 1/2-1/2

[Event "76 Ukrainian Chess Championship (Final)"]
[Site "Kharkiv"]
[Date "2007.11.24"]
[Round "8"]
[White "Zubarev, Alexander"]
[Black "Maximov, Dmitry"]
[Result "0-1"]
[WhiteElo "2500"]
[BlackElo "2488"]
[PlyCount "94"]
[EventDate "2007.11.17"]

1. e4 c5 2. Nf3 d6 3. d4 cxd4 4. Nxd4 Nf6 5. Nc3 Nc6 6. Bg5 e6 7. Qd2 a6 8.
O-O-O Bd7 9. f3 h6 10. Be3 Qc7 11. Kb1 Na5 12. g4 b5 13. b3 g6 14. a3 Rc8 15.
Na2 e5 16. Nb4 exd4 17. Bxd4 Bg7 18. Bxf6 Bxf6 19. Nd5 Qd8 20. Nxf6+ Qxf6 21.
Qxa5 Qxf3 22. Bd3 Rc6 23. Qd2 Qxg4 24. Rhg1 Qh4 25. e5 d5 26. Rdf1 Be6 27. Rf6
Kd7 28. Bxg6 Rg8 29. Rxe6 fxe6 30. Rg3 Kc8 31. Qf2 Kb8 32. Qf7 Rgc8 33. Qf2 Qe7
34. b4 Qc7 35. Re3 a5 36. Rb3 a4 37. Re3 Qb6 38. Qd2 Rf8 39. Qe2 Rc4 40. Bd3
Rc3 41. Rf3 Qg1+ 42. Kb2 Rfc8 43. Rf1 Qd4 44. Ka2 Rxa3+ 45. Kxa3 Rc3+ 46. Kb2
Rxd3+ 47. Ka2 Qc4+ 0-1

[Event "76 Ukrainian Chess Championship (Final)"]
[Site "Kharkiv"]
[Date "2007.11.25"]
[Round "9"]
[White "Aveskulov, Valeriy"]
[Black "Kovalenko, Igor"]
[Result "1-0"]
[WhiteElo "2545"]
[BlackElo "2429"]
[PlyCount "117"]
[EventDate "2007.11.17"]

1. e4 e5 2. Nf3 Nc6 3. Bb5 a6 4. Ba4 Nf6 5. O-O Be7 6. Re1 b5 7. Bb3 d6 8. c3
O-O 9. d3 Na5 10. Bc2 c5 11. Nbd2 Re8 12. Nf1 Nc6 13. h3 Bf8 14. d4 Bb7 15. d5
Ne7 16. Nh4 g6 17. Bg5 Nd7 18. Qd2 c4 19. Ng3 Bg7 20. Nf3 f6 21. Be3 Qc7 22.
Nh2 Nc5 23. h4 Bc8 24. Bh6 Bd7 25. Kh1 a5 26. Rf1 b4 27. Bxg7 Kxg7 28. f4 exf4
29. Rxf4 b3 30. axb3 cxb3 31. Bd3 Ng8 32. Be2 a4 33. Ra3 Re7 34. Nf3 Rae8 35.
Qd4 Re5 36. Nd2 Qd8 37. Ra1 Qe7 38. Kg1 Kh8 39. Rf2 g5 40. h5 g4 41. Rf4 f5 42.
Nxf5 Bxf5 43. Rxf5 Qg7 44. Rxe5 Rxe5 45. Rf1 Nf6 46. Nc4 Rxe4 47. h6 Qxh6 48.
Rxf6 Rxd4 49. Rxh6 Re4 50. Kf2 Kg7 51. Rh1 Rf4+ 52. Ke3 Rf5 53. Bxg4 Rxd5 54.
Rd1 Rxd1 55. Bxd1 d5 56. Nb6 Kf6 57. Nxd5+ Ke5 58. Nf4 Nd7 59. Bf3 1-0

[Event "76 Ukrainian Chess Championship (Final)"]
[Site "Kharkiv"]
[Date "2007.11.25"]
[Round "9"]
[White "Onischuk, Vladimir"]
[Black "Tukhaev, Adam"]
[Result "1/2-1/2"]
[WhiteElo "2469"]
[BlackElo "2517"]
[PlyCount "141"]
[EventDate "2007.11.17"]

1. e4 c5 2. Nf3 d6 3. d4 cxd4 4. Nxd4 Nf6 5. Nc3 a6 6. Be3 e6 7. Be2 Be7 8. a4
O-O 9. a5 e5 10. Nb3 Be6 11. Bb6 Qc8 12. Nd5 Nxd5 13. exd5 Bf5 14. c4 Bg5 15.
h4 Bd8 16. Be3 h6 17. g4 Be4 18. f3 Bh7 19. g5 h5 20. Qd2 f6 21. Kf2 fxg5 22.
hxg5 Bg6 23. Kg3 Nd7 24. Rh4 Be7 25. Rah1 Qd8 26. Bd3 Bxd3 27. Qxd3 Bxg5 28.
Rxh5 Bf4+ 29. Bxf4 exf4+ 30. Kg2 Nf6 31. R5h4 Kf7 32. Nd4 Qxa5 33. Rxf4 Rg8 34.
Ne6 Rae8 35. Qe3 Ke7 36. Nc5+ Kd8 37. Nxb7+ Kc7 38. Nxa5 Rxe3 39. b4 Re2+ 40.
Kg3 Rge8 41. Nc6 Rb2 42. Rfh4 Re3 43. Rf1 Rbb3 44. Kg2 Rec3 45. Rf2 Kb6 46. Rh8
Rb1 47. Rb8+ Kc7 48. Ra8 Rxc4 49. Ra7+ Kb6 50. Ra2 Nxd5 51. R7xa6+ Kc7 52. Na5
Rcxb4 53. Ra7+ Kb6 54. Rb7+ Ka6 55. Rxb4 Nxb4 56. Ra3 Rb2+ 57. Kg3 Kb5 58. Nb7
d5 59. Nd6+ Kc5 60. Nf5 g6 61. Rc3+ Kb6 62. Nd4 Rd2 63. Nb3 Rd3 64. Rxd3 Nxd3
65. f4 Kb5 66. Kg4 Nc5 67. Nd4+ Kc4 68. Nf3 d4 69. Nxd4 Kxd4 70. f5 gxf5+ 71.
Kxf5 1/2-1/2

[Event "76 Ukrainian Chess Championship (Final)"]
[Site "Kharkiv"]
[Date "2007.11.25"]
[Round "9"]
[White "Romanishin, Oleg M"]
[Black "Oleksienko, Mikhailo"]
[Result "0-1"]
[WhiteElo "2547"]
[BlackElo "2587"]
[PlyCount "129"]
[EventDate "2007.11.17"]

1. d4 Nf6 2. Nf3 e6 3. g3 b5 4. Bg2 d5 5. Bg5 Nbd7 6. Ne5 Nxe5 7. dxe5 h6 8.
Bxf6 gxf6 9. exf6 Qxf6 10. c3 Bc5 11. e3 c6 12. Nd2 Bd7 13. O-O Qg7 14. Nb3 Bb6
15. a4 bxa4 16. Rxa4 f5 17. Qh5+ Qf7 18. Qe2 c5 19. Raa1 c4 20. Nd2 Rc8 21. f4
h5 22. Nf3 Qe7 23. h4 Qc5 24. Rfe1 Ke7 25. Ng5 Rb8 26. Bf3 Be8 27. Kf2 Qc7 28.
Red1 Kf6 29. Rd2 Bg6 30. Kg2 Rbe8 31. Rad1 Re7 32. Kh2 Kg7 33. Bg2 Rb8 34. Nf3
Bc5 35. Ne5 Be8 36. Bf3 Kh6 37. Bg2 Rb6 38. Nf3 Qb8 39. Rf1 Reb7 40. Rf2 a5 41.
Nd4 Bf7 42. Bf3 a4 43. Rg2 Qh8 44. Qd1 Ra7 45. Qc1 a3 46. bxa3 Rxa3 47. Rb2 Qb8
48. Rxb6 Qxb6 49. Rb2 Qa5 50. Rb5 Qa7 51. Bg2 Bxd4 52. exd4 Rb3 53. Rc5 Qa2 54.
Kh3 Qf2 55. Rc7 Kg6 56. Rc6 Rb2 57. Qh1 Kg7 58. Rc7 Re2 59. Bxd5 Re3 60. Qg2
Qxf4 61. Rxf7+ Kxf7 62. Bxc4 Qg4+ 63. Kh2 f4 64. Bf1 Rxg3 65. Qc6 0-1

[Event "76 Ukrainian Chess Championship (Final)"]
[Site "Kharkiv"]
[Date "2007.11.25"]
[Round "9"]
[White "Nosenko, Alexander"]
[Black "Drozdovskij, Yuri"]
[Result "0-1"]
[WhiteElo "2504"]
[BlackElo "2567"]
[PlyCount "50"]
[EventDate "2007.11.17"]

1. d4 e6 2. Nf3 Nf6 3. Bg5 c5 4. e3 h6 5. Bxf6 Qxf6 6. Nbd2 d5 7. c3 Bd6 8. Bd3
Nc6 9. O-O O-O 10. Qe2 e5 11. dxe5 Nxe5 12. Nxe5 Qxe5 13. Nf3 Qh5 14. h3 Re8
15. Rad1 Bxh3 16. gxh3 Qxh3 17. Bc2 Qg4+ 18. Kh1 Qh3+ 19. Kg1 Qg4+ 20. Kh1 Re5
21. Bh7+ Kh8 22. Nxe5 Qxe2 23. Nxf7+ Kxh7 24. Nxd6 Qh5+ 25. Kg2 Qg6+ 0-1

[Event "76 Ukrainian Chess Championship (Final)"]
[Site "Kharkiv"]
[Date "2007.11.25"]
[Round "9"]
[White "Solodovnichenko, Yuri"]
[Black "Truskavetsky, Alexandr"]
[Result "1-0"]
[WhiteElo "2564"]
[BlackElo "2398"]
[PlyCount "117"]
[EventDate "2007.11.17"]

1. e4 c5 2. Nf3 e6 3. d4 cxd4 4. Nxd4 a6 5. Bd3 Nc6 6. Nxc6 dxc6 7. Nd2 e5 8.
Nc4 Be6 9. Be3 Nf6 10. O-O Bxc4 11. Bxc4 Qxd1 12. Raxd1 Nxe4 13. f4 Nd6 14. Bb3
e4 15. Bb6 Be7 16. Rfe1 O-O 17. g4 Rfe8 18. a4 Kf8 19. Bc7 Nc8 20. Kg2 Bc5 21.
f5 b5 22. g5 Ra7 23. Rd7 Re7 24. Rd8+ Re8 25. Rxe8+ Kxe8 26. Rxe4+ Kf8 27. Bg3
Nd6 28. Rf4 Re7 29. f6 Re2+ 30. Kf1 Re5 31. fxg7+ Kxg7 32. h4 Rf5 33. Kg2 Rxf4
34. Bxf4 Nf5 35. h5 Nd4 36. Be5+ Kf8 37. Ba2 Nxc2 38. Bb1 Ne3+ 39. Kf3 Nc4 40.
Bf4 Nxb2 41. Bxh7 Nc4 42. Bd3 Bd4 43. Ke4 c5 44. Bc1 Kg8 45. Bxc4 bxc4 46. Kd5
c3 47. Kc6 f5 48. gxf6 Bxf6 49. Kb6 Kh7 50. Kxa6 Bg7 51. Kb5 Bh6 52. Ba3 c2 53.
a5 c4 54. a6 Be3 55. Kxc4 Kh6 56. Kd3 Ba7 57. Kxc2 Kxh5 58. Kd3 Kg5 59. Ke4 1-0

[Event "76 Ukrainian Chess Championship (Final)"]
[Site "Kharkiv"]
[Date "2007.11.25"]
[Round "9"]
[White "Maximov, Dmitry"]
[Black "Jakimov, Vladimir"]
[Result "1/2-1/2"]
[WhiteElo "2488"]
[BlackElo "2434"]
[PlyCount "39"]
[EventDate "2007.11.17"]

1. e4 e6 2. d4 d5 3. e5 c5 4. c3 Nc6 5. Nf3 Qb6 6. a3 a5 7. Bd3 Nh6 8. O-O cxd4
9. cxd4 Nf5 10. Bxf5 exf5 11. Nc3 Be6 12. Na4 Qa7 13. Be3 Be7 14. Rc1 O-O 15.
Nc5 Rac8 16. Qa4 f4 17. Bxf4 Nxd4 18. Nxd4 Bxc5 19. Be3 Bxd4 20. Bxd4 1/2-1/2

[Event "76 Ukrainian Chess Championship (Final)"]
[Site "Kharkiv"]
[Date "2007.11.25"]
[Round "9"]
[White "Rogovski, Vladimir"]
[Black "Zinchenko, Yaroslav"]
[Result "1/2-1/2"]
[WhiteElo "2485"]
[BlackElo "2505"]
[PlyCount "40"]
[EventDate "2007.11.17"]

1. e4 c5 2. Nf3 d6 3. c3 Nf6 4. Bd3 Nc6 5. h3 g6 6. O-O Bg7 7. Re1 O-O 8. Bf1
e5 9. d4 exd4 10. cxd4 cxd4 11. Nxd4 Nxd4 12. Qxd4 Re8 13. Qd3 Bf5 14. Nc3 d5
15. Bg5 Bxe4 16. Qb5 h6 17. Nxe4 dxe4 18. Rad1 Qe7 19. Bxf6 Qxf6 20. Rd7 Rab8
1/2-1/2

[Event "76 Ukrainian Chess Championship (Final)"]
[Site "Kharkiv"]
[Date "2007.11.25"]
[Round "9"]
[White "Tarlev, Konstantin"]
[Black "Zubarev, Alexander"]
[Result "1/2-1/2"]
[WhiteElo "2490"]
[BlackElo "2500"]
[PlyCount "20"]
[EventDate "2007.11.17"]

1. e4 c6 2. d4 d5 3. Nc3 dxe4 4. Nxe4 Nd7 5. Nf3 Ngf6 6. Nxf6+ Nxf6 7. Bc4 Bf5
8. Ne5 e6 9. g4 Bg6 10. h4 Nd7 1/2-1/2